| Tag |
First Indicator |
Second Indicator |
Subfields |
| LEADER |
00000cam a2200000 4500 |
| 001 |
in00000723398 |
| 005 |
20151016061239.0 |
| 008 |
750609s1952 cauab 00000 eng u |
| 010 |
|
|
|a 52006590
|
| 035 |
|
|
|a (OCoLC)01379382
|
| 035 |
|
|
|9 ADD1998AM
|
| 040 |
|
|
|c BWE
|d TXA
|d UtOrBLW
|
| 041 |
1 |
|
|a eng
|a ger
|
| 049 |
|
|
|a TXAM
|c [353350]
|
| 050 |
|
0 |
|a F1246
|b .B413
|
| 082 |
0 |
|
|a 917.22
|
| 092 |
|
|
|a 917.22
|b B139o
|
| 100 |
1 |
|
|a Baegert, Jacob,
|d 1717-1772.
|
| 245 |
1 |
0 |
|a Observations in Lower California /
|c translated from the original German, with an introd. and notes, by M. M. Brandenburg and Carl L. Baumann.
|
| 264 |
|
1 |
|a Berkeley :
|b University of California Press,
|c 1952.
|
| 300 |
|
|
|a xx, 218 pages :
|b illustrations, map. ;
|c 24 cm.
|
| 336 |
|
|
|a text
|b txt
|2 rdacontent
|
| 337 |
|
|
|a unmediated
|b n
|2 rdamedia
|
| 338 |
|
|
|a volume
|b nc
|2 rdacarrier
|
| 500 |
|
|
|a Translation of Nachrichten von der amerikanischen Halbinsel Californien.
|
| 650 |
|
0 |
|a Indians of Mexico
|z Mexico
|z Baja California.
|
| 610 |
2 |
0 |
|a Jesuits
|z Mexico
|z Baja California.
|
| 651 |
|
0 |
|a Baja California (Mexico : Peninsula)
|
| 999 |
|
|
|a MARS
|
| 999 |
f |
f |
|s c290e21b-7126-34c2-9f31-4710ba1e463b
|i e96fd438-7297-35b7-93d0-fc3cf1b29ce3
|t 0
|
| 952 |
f |
f |
|p ric
|a Texas A&M University
|b Rellis Campus
|c Joint Library Facility
|d Remote Storage
|t 0
|e F1246 B413
|h Library of Congress classification
|i unmediated -- volume
|m A14801428915
|
| 998 |
f |
f |
|a F1246 B413
|t 0
|l Remote Storage
|